<?xml version="1.0" encoding="UTF-8"?>
<record
    xmlns:xsi="http://www.w3.org/2001/XMLSchema-instance"
    xsi:schemaLocation="http://www.loc.gov/MARC21/slim http://www.loc.gov/standards/marcxml/schema/MARC21slim.xsd"
    xmlns="http://www.loc.gov/MARC21/slim">

  <leader>01002nam a2200301 ia4500</leader>
  <controlfield tag="001">C2-0338673</controlfield>
  <controlfield tag="003">PPAK</controlfield>
  <controlfield tag="005">20201110152743.0</controlfield>
  <controlfield tag="008">161116s2016    my a   j     |  0 1 may d</controlfield>
  <datafield tag="020" ind1=" " ind2=" ">
    <subfield code="a">9789674600204</subfield>
    <subfield code="q">set</subfield>
  </datafield>
  <datafield tag="020" ind1=" " ind2=" ">
    <subfield code="a">9789674600280</subfield>
    <subfield code="c">RM15.00</subfield>
    <subfield code="q">paperback</subfield>
  </datafield>
  <datafield tag="040" ind1=" " ind2=" ">
    <subfield code="a">PPAK</subfield>
    <subfield code="b">eng</subfield>
    <subfield code="c">PPAK</subfield>
    <subfield code="e">rda</subfield>
  </datafield>
  <datafield tag="082" ind1="0" ind2="4">
    <subfield code="a">398.2</subfield>
    <subfield code="2">23</subfield>
  </datafield>
  <datafield tag="090" ind1="0" ind2="0">
    <subfield code="a">398.2</subfield>
    <subfield code="b">RAH</subfield>
    <subfield code="d">K</subfield>
  </datafield>
  <datafield tag="100" ind1="0" ind2=" ">
    <subfield code="a">Rahimidin Zahari, </subfield>
    <subfield code="d">1968-2015 </subfield>
    <subfield code="e">author.</subfield>
  </datafield>
  <datafield tag="245" ind1="1" ind2="0">
    <subfield code="a">Sang Kancil dengan Buaya /</subfield>
    <subfield code="c">Diceritakan semula oleh Rahimidin Zahari ; Illustrasi Jaafar Taib</subfield>
  </datafield>
  <datafield tag="264" ind1=" " ind2="1">
    <subfield code="a">Kuala Lumpur : </subfield>
    <subfield code="b">Institut Terjemahan &amp; Buku Malaysia Berhad , </subfield>
    <subfield code="c">2016</subfield>
  </datafield>
  <datafield tag="300" ind1=" " ind2=" ">
    <subfield code="a">53 pages : </subfield>
    <subfield code="b">colour illustrations ; </subfield>
    <subfield code="c">31 cm</subfield>
  </datafield>
  <datafield tag="336" ind1=" " ind2=" ">
    <subfield code="2">rdacontent</subfield>
    <subfield code="a">text</subfield>
  </datafield>
  <datafield tag="337" ind1=" " ind2=" ">
    <subfield code="2">rdamedia</subfield>
    <subfield code="a">unmediated</subfield>
  </datafield>
  <datafield tag="338" ind1=" " ind2=" ">
    <subfield code="2">rdacarrier</subfield>
    <subfield code="a">volume</subfield>
  </datafield>
  <datafield tag="490" ind1="1" ind2=" ">
    <subfield code="a">HIMPUNAN KISAH DONGENG SANG KANCIL</subfield>
  </datafield>
  <datafield tag="650" ind1="1" ind2="0">
    <subfield code="a">Folk literature, Malay</subfield>
  </datafield>
  <datafield tag="650" ind1="2" ind2="0">
    <subfield code="a">Tales</subfield>
  </datafield>
  <datafield tag="700" ind1="0" ind2=" ">
    <subfield code="a">Jaafar Taib,</subfield>
    <subfield code="e">illustrator.</subfield>
  </datafield>
  <datafield tag="830" ind1=" " ind2="0">
    <subfield code="a">Himpunan kisah dongeng Sang Kancil</subfield>
  </datafield>
  <datafield tag="942" ind1=" " ind2=" ">
    <subfield code="c">B</subfield>
    <subfield code="2">ddc</subfield>
  </datafield>
  <datafield tag="999" ind1=" " ind2=" ">
    <subfield code="c">135966</subfield>
    <subfield code="d">135966</subfield>
  </datafield>
  <datafield tag="952" ind1=" " ind2=" ">
    <subfield code="0">0</subfield>
    <subfield code="7">0</subfield>
    <subfield code="b">LW</subfield>
    <subfield code="c">K</subfield>
    <subfield code="d">2020-07-28</subfield>
    <subfield code="l">1</subfield>
    <subfield code="o">K 398.2 RAH</subfield>
    <subfield code="p">A00739198</subfield>
    <subfield code="r">2026-03-08 12:45:53</subfield>
    <subfield code="s">2026-03-05</subfield>
    <subfield code="y">B</subfield>
  </datafield>
  <datafield tag="952" ind1=" " ind2=" ">
    <subfield code="0">0</subfield>
    <subfield code="7">0</subfield>
    <subfield code="b">PPAK</subfield>
    <subfield code="c">K</subfield>
    <subfield code="d">2020-11-16</subfield>
    <subfield code="l">1</subfield>
    <subfield code="o">K 398.2 RAH</subfield>
    <subfield code="p">A01661516</subfield>
    <subfield code="q">2022-09-06</subfield>
    <subfield code="r">2022-08-16 00:00:00</subfield>
    <subfield code="s">2022-08-16</subfield>
    <subfield code="y">B</subfield>
  </datafield>
  <datafield tag="952" ind1=" " ind2=" ">
    <subfield code="0">0</subfield>
    <subfield code="7">0</subfield>
    <subfield code="b">SP</subfield>
    <subfield code="c">K</subfield>
    <subfield code="d">2020-11-16</subfield>
    <subfield code="l">2</subfield>
    <subfield code="o">K 398.2 RAH</subfield>
    <subfield code="p">A01661517</subfield>
    <subfield code="q">2026-07-01</subfield>
    <subfield code="r">2026-06-10 16:46:53</subfield>
    <subfield code="s">2026-06-10</subfield>
    <subfield code="y">B</subfield>
  </datafield>
  <datafield tag="952" ind1=" " ind2=" ">
    <subfield code="0">0</subfield>
    <subfield code="7">0</subfield>
    <subfield code="b">KM</subfield>
    <subfield code="c">K</subfield>
    <subfield code="d">2020-11-16</subfield>
    <subfield code="l">4</subfield>
    <subfield code="o">K 398.2 RAH</subfield>
    <subfield code="p">A01661518</subfield>
    <subfield code="r">2022-08-01 00:00:00</subfield>
    <subfield code="s">2022-07-24</subfield>
    <subfield code="y">B</subfield>
  </datafield>
  <datafield tag="952" ind1=" " ind2=" ">
    <subfield code="0">0</subfield>
    <subfield code="7">0</subfield>
    <subfield code="b">BL</subfield>
    <subfield code="c">K</subfield>
    <subfield code="d">2020-11-16</subfield>
    <subfield code="l">4</subfield>
    <subfield code="m">1</subfield>
    <subfield code="o">K 398.2 RAH</subfield>
    <subfield code="p">A01661519</subfield>
    <subfield code="r">2025-04-22 15:30:40</subfield>
    <subfield code="s">2025-04-05</subfield>
    <subfield code="y">B</subfield>
  </datafield>
  <datafield tag="952" ind1=" " ind2=" ">
    <subfield code="0">0</subfield>
    <subfield code="7">0</subfield>
    <subfield code="b">BB</subfield>
    <subfield code="c">K</subfield>
    <subfield code="d">2020-11-16</subfield>
    <subfield code="l">1</subfield>
    <subfield code="o">K 398.2 RAH</subfield>
    <subfield code="p">A01661520</subfield>
    <subfield code="r">2025-05-28 15:22:06</subfield>
    <subfield code="s">2025-05-15</subfield>
    <subfield code="y">B</subfield>
  </datafield>
  <datafield tag="952" ind1=" " ind2=" ">
    <subfield code="0">0</subfield>
    <subfield code="7">0</subfield>
    <subfield code="b">MR</subfield>
    <subfield code="c">K</subfield>
    <subfield code="d">2020-11-16</subfield>
    <subfield code="l">2</subfield>
    <subfield code="o">K 398.2 RAH</subfield>
    <subfield code="p">A01661521</subfield>
    <subfield code="r">2024-03-09 11:19:51</subfield>
    <subfield code="s">2024-02-17</subfield>
    <subfield code="y">B</subfield>
  </datafield>
</record>
